000
00259nam a2200109Ia 4500
008
200302s9999 xx 000 0 und d
100
_a
Andrew Laing & Others
245
_a
New Environment For Working
260
_b
E & FN Spon
260
_c
1998
300
_a
156 P
999
_c
4784
_d
4784